000 00616nas a2200217 4500
001 BR7705367
003 BR-BrBNA
005 20231205083250.0
007 ta
008 230509b bl.|||p| |||| 00| 00por d
040 _aBR-BrBNA
_bpor
_cBiblioteca Nacional de Agricultura
041 _a(Pt)
072 _aH10
100 1 _aBecker, C.J.
245 1 _aLendas e curiosidades sobre insetos: as baratas
650 _aBARATA
650 _aBIOLOGIA
773 0 _tNatureza em Revista (Brazil)
_xISSN 0100-4700
_g(Dec 1977), no. 3 p. 34-39
_wBR7705367
909 _a202311
_bLúcia
_c55
_dLúcia Elande
942 _2AGRIS
_n0
_cANA
999 _c97584
_d97584